000
00290nam a22001337a 4500
008
170608b xxu||||| |||| 00| 0 eng d
020
_a
0321411005
041
_a
eng
080
_a
327
100
_a
18
101
_a
SHP
245
_a
GOVERNMENT IN AMERICA
_c
EDWARDS, G.C
942
_2
udc
_c
BK
999
_c
16387
_d
16387